Beatles Songs Not Written by Lennon-McCartney - Statistics

General Stats
  • This quiz has been taken 115 times
  • The average score is 31 of 49
Answer Stats
Album Writer(s) Answer % Correct
Abbey Road George Harrison Something
91%
Abbey Road Ringo Starr Octopus's Garden
89%
Revolver George Harrison Taxman
88%
White Album George Harrison While My Guitar Gently Weeps
88%
Abbey Road George Harrison Here Comes the Sun
84%
Let It Be George Harrison I Me Mine
81%
With the Beatles Chuck Berry Rollover Beethoven
80%
Please Please Me Luther Dixon, Wes Farrell Boys
76%
Sgt. Pepper's Lonely Hearts Club Band George Harrison Within You Without You
76%
Please Please Me Phil Medley,Bert Russell Twist and Shout
75%
With the Beatles George Harrison Don't Bother Me
74%
Please Please Me Gerry Coffin,Carole King Chains
73%
White Album Ringo Starr Don't Pass Me By
73%
Magical Mystery Tour George Harrison Blue Jay Way
69%
Revolver George Harrison Love You To
69%
White Album George Harrison Piggies
69%
Let It Be George Harrison For You Blue
68%
Please Please Me Bobby Scott,Rich Marlow A Taste of Honey
66%
Let It Be Traditional Liverpoolfolk song Maggie Mae
66%
Yellow Submarine George Harrison Only a Northern Song
66%
Please Please Me Arthur Alexander Anna (Go to Him)
65%
Past Masters 1&2 George Harrison Old Brown Shoe
65%
White Album George Harrison Savoy Truffle
65%
Rubber Soul George Harrison If I Needed Someone
61%
Yellow Submarine George Harrison It's All Too Much
61%
With the Beatles Meredith Wilson Till There Was You
61%
Help! Johnny Russell Act Naturally
60%
Help! George Harrison I Need You
59%
Beatles for Sale Chuck Berry Rock and Roll Music
59%
Rubber Soul George Harrison Think For Yourself
59%
Help! Larry Williams Dizzy Miss Lizzy
58%
Beatles for Sale Jerry Leiber, Mike Stoller / Little Richard Kansas City /Hey, Hey, Hey, Hey
58%
White Album George Harrison Long, Long, Long
58%
Please Please Me Burt Bacharach, Barney Williams, Mack David Baby It's You
57%
Past Masters 1&2 Carl Perkins Matchbox
57%
With the Beatles Janie Bradford,Berry Gordy Money (That's What I Want)
57%
With the Beatles Georgia Dobbins,William Garrett, Brianbert Please Mr. Postman
57%
With the Beatles Richard Drapkin Devil in Her Heart
56%
Revolver George Harrison I Want to Tell You
56%
Past Masters 1&2 George Harrison The Inner Light
56%
Beatles for Sale Buddy Holly Words of Love
53%
Help! George Harrison You Like Me Too Much
53%
Beatles for Sale Carl Perkins Honey Don't
52%
Past Masters 1&2 Robert Blackwell,Enotris Johnson, Little Richard Long Tall Sally
52%
With the Beatles Smokey Robinson You Really Got a Hold on Me
52%
Beatles for Sale Carl Perkins Everybody's Trying to Be My Baby
49%
Beatles for Sale Roy Lee Johnson Mr. Moonlight
48%
Past Masters 1&2 Larry Williams Slow Down
44%
Past Masters 1&2 Larry Williams Bad Boy
40%
No matching quizzes found
Score Distribution
Percent of People with Each Score
Percentile by Number Answered
Your Score History
You have not taken this quiz